Territorial Pissings Lyrics: Nirvana - Statistics

General Stats
  • This quiz has been taken 162 times
  • The average score is 33 of 55
Answer Stats
Answer % Correct
A
97%
A
97%
I
93%
AN
89%
YOU
86%
WAY
84%
WHEN
84%
WHEN
84%
FIND
83%
WAS
83%
GOTTA
80%
ALIEN
79%
ON
79%
NOW
75%
NOW
75%
YOUR
74%
COME
71%
CULTURES
68%
GET
68%
LOVE
68%
BROTHER
65%
RIGHT
65%
ANOTHER
64%
EVERYBODY
64%
ONE
64%
SMILE
64%
TOGETHER
64%
BETTER
61%
THERE
61%
OPINIONS
60%
WEREN'T
60%
PEOPLE
59%
I'M
55%
JUST
55%
NOT
55%
BECAUSE
53%
DON'T
48%
YOU'RE
48%
MEAN
47%
SO
47%
IF
46%
PARANOID
46%
ITS
45%
NEVER
43%
AFTER
42%
MAN
42%
THEY'RE
40%
WISE
40%
WOMAN
38%
AND
37%
MET
37%
WAIT
30%
I'D
24%
YEAH
14%
AHH
8%
No matching quizzes found
Score Distribution
Percent of People with Each Score
Percentile by Number Answered
Your Score History
You have not taken this quiz